000 00328nam a2200145Ia 4500
008 230718s9999 xx 000 0 und d
041 _aEng.
082 _a197.3
_bMAD-D
100 _aMadsma, ANN
245 0 _aDearing and Beyond
260 _aPakistan
_boxford curately
_c1997
300 _a218
650 _aLaw
999 _c26050
_d26050